Soziale Kompetenz <Das> Potential zum unternehmerischen und persönlichen Erfolg

Gespeichert in:
Bibliographische Detailangaben
1. Verfasser: Faix, Werner G.
Weitere Verfasser: Laier, Angelika
Format: Buch
Sprache:Deutsch
Veröffentlicht: Wiesbaden Gabler 1991
Ausgabe:1. Aufl.
Schlagworte:
Tags: Tag hinzufügen
Keine Tags, Fügen Sie das erste Tag hinzu!

MARC

LEADER 00000nam a2200000 4500
001 c000108
005 20221214102222.5
020 |a 3-409-13805-6 
041 0 |a ger 
044 |a DE 
245 1 0 |a Soziale Kompetenz  |b <Das> Potential zum unternehmerischen und persönlichen Erfolg  |c Werner G. Faix, Angelika Laier 
250 |a 1. Aufl. 
264 1 |a Wiesbaden  |b Gabler  |c 1991 
300 |a 154 s. 
610 2 0 |a spolupracovníci 
610 2 0 |a úspech pracovný 
610 2 0 |a spokojnosť v práci 
610 2 0 |a psychológia riadenia 
610 2 0 |a psychológia práce 
610 2 0 |a osobnosť 
610 2 0 |a práca tímová 
610 2 0 |a socializácia 
610 2 0 |a vzťahy spoločenské 
100 1 |a Faix, Werner G. 
700 1 |a Laier, Angelika